[Event "XIX Memorial Nicola Berruto A"]
[Site "Nichelino ITA"]
[Date "2016.02.19"]
[Round "2"]
[White "Martin, Tiziano"]
[Black "Gussone, Claudio"]
[WhiteElo "1911"]
[BlackElo "1752"]
[Result "1/2-1/2"]
[PlyCount "57"]
[EventDate "2016.02.12"]

1. d4 f5 2. Nf3 d6 3. Nc3 e6 4. e4 Nf6 5. exf5 exf5 6. Bc4 d5 7. Bd3 Be7 8. O-O
O-O 9. Bf4 c6 10. Qc1 Ne4 11. Ne2 Nd7 12. Ne5 g5 13. Nxd7 Bxd7 14. Be5 Bf6 15.
Bxf6 Qxf6 16. f3 Nd6 17. c3 f4 18. Qd2 Bf5 19. Rae1 Bxd3 20. Qxd3 Nf5 21. Nc1
Rae8 22. Qd2 Ne3 23. Rf2 Nc4 24. Qd1 Re3 25. Nd3 Rfe8 26. Rfe2 Rxe2 27. Rxe2
Rxe2 28. Qxe2 Ne3 29. Ne5 1/2-1/2

[Event "XIX Memorial Nicola Berruto A"]
[Site "Nichelino ITA"]
[Date "2016.02.19"]
[Round "2"]
[White "Petrini, Alberto"]
[Black "Bosetti, Roberto"]
[WhiteElo "1920"]
[BlackElo "1771"]
[Result "1/2-1/2"]
[PlyCount "37"]
[EventDate "2016.02.12"]

1. d4 Nf6 2. c4 g6 3. f3 d6 4. e4 Bg7 5. Nc3 O-O 6. Be3 Nc6 7. Nge2 e5 8. d5
Ne7 9. Qd2 Nd7 10. Ng3 a5 11. Bd3 Nc5 12. Bc2 f5 13. exf5 Nxf5 14. Nxf5 Bxf5
15. O-O Bxc2 16. Qxc2 Qh4 17. Ne4 Nxe4 18. Qxe4 Qxe4 19. fxe4 1/2-1/2

[Event "XIX Memorial Nicola Berruto A"]
[Site "Nichelino ITA"]
[Date "2016.02.19"]
[Round "2"]
[White "Petrini, Davide"]
[Black "Coqueraut, Lodewyk"]
[WhiteElo "1476"]
[BlackElo "1652"]
[Result "0-1"]
[PlyCount "92"]
[EventDate "2016.02.12"]

1. e4 c5 2. Nc3 e6 3. Bc4 a6 4. a4 Nc6 5. d3 Na5 6. Ba2 Qc7 7. g3 b6 8. Nf3 Bb7
9. O-O c4 10. d4 Bb4 11. Bf4 d6 12. Re1 Bxc3 13. bxc3 Ne7 14. Rb1 Ng6 15. Be3
Bxe4 16. Nd2 Bb7 17. d5 Bxd5 18. Bxb6 Qc6 19. Bxa5 O-O 20. Bb6 Qxa4 21. Ra1 Qc6
22. Be3 Ne5 23. f4 Bf3 24. Qc1 Bh1 25. Re2 Ng4 26. Nf1 Bf3 27. Rd2 d5 28. h3
Nxe3 29. Nxe3 Qc5 30. Rf2 Be4 31. Ng4 f5 32. Ne5 Qc7 33. Rb1 g5 34. Rb4 a5 35.
Rb5 Rf6 36. Qe3 Rh6 37. Rc5 Qb7 38. fxg5 Rxh3 39. Rh2 Rxh2 40. Kxh2 Qb2 41. Qf2
Qxa2 42. Nd7 Qxc2 43. Nf6+ Kg7 44. Rc7+ Kg6 45. Qxc2 Bxc2 46. Rxh7 Kxg5 0-1

[Event "XIX Memorial Nicola Berruto A"]
[Site "Nichelino ITA"]
[Date "2016.02.19"]
[Round "2"]
[White "Petrini, Emanuela"]
[Black "Saggiorato, Diego"]
[WhiteElo "1552"]
[BlackElo "1680"]
[Result "1-0"]
[PlyCount "51"]
[EventDate "2016.02.12"]

1. e4 c5 2. g3 d6 3. Bg2 Nc6 4. c3 e6 5. d4 cxd4 6. cxd4 Nf6 7. Nc3 Be7 8. Nge2
O-O 9. O-O a6 10. Re1 Rb8 11. a3 b5 12. e5 Nd5 13. Nxd5 exd5 14. Bxd5 Bb7 15.
Nf4 dxe5 16. dxe5 Qb6 17. Be3 Bc5 18. e6 Ne5 19. Bxc5 Qxc5 20. Rxe5 Bxd5 21.
Rxd5 Qe7 22. Rd7 Qf6 23. e7 Rfe8 24. Qe2 Rb6 25. Rad1 Rbb8 26. Rd8 1-0

[Event "XIX Memorial Nicola Berruto A"]
[Site "Nichelino ITA"]
[Date "2016.02.19"]
[Round "2"]
[White "Salerno, Carmine"]
[Black "Bruno, Rocco"]
[WhiteElo "1583"]
[BlackElo "1475"]
[Result "1/2-1/2"]
[PlyCount "108"]
[EventDate "2016.02.12"]

1. Nf3 d5 2. d4 Nf6 3. c4 c6 4. cxd5 cxd5 5. Nc3 e6 6. a3 Be7 7. Bf4 Nc6 8. h3
O-O 9. e3 a6 10. Bd3 Nh5 11. Bxh7+ Kxh7 12. Ng5+ Kg6 13. h4 Nxf4 14. exf4 Qd6
15. Qg4 e5 16. Ne6+ Kf6 17. fxe5+ Nxe5 18. Qg5+ Kxe6 19. Qxe5+ Qxe5+ 20. dxe5
Kxe5 21. O-O-O d4 22. Rhe1+ Kf6 23. Nd5+ Kg6 24. Nxe7+ Kf6 25. Rxd4 Be6 26.
Nd5+ Bxd5 27. Rxd5 Rac8+ 28. Kb1 Rc4 29. h5 Rfc8 30. Re2 Rc1+ 31. Ka2 Rh1 32.
g4 g6 33. hxg6 Kxg6 34. f4 Rg1 35. g5 Rc6 36. Rh2 Kg7 37. Rf2 Rc4 38. Rf5 b5
39. b3 Rd4 40. a4 bxa4 41. Ra5 axb3+ 42. Kxb3 Rb1+ 43. Kc3 Rd6 44. Kc2 Rdb6 45.
Kd3 R1b3+ 46. Ke4 R3b4+ 47. Kf3 f6 48. gxf6+ Rxf6 49. f5 Rb5 50. Rxb5 axb5 51.
Ke4 Rb6 52. Rg2+ Kf7 53. Re2 b4 54. Rb2 Kf6 1/2-1/2

[Event "XIX Memorial Nicola Berruto A"]
[Site "Nichelino ITA"]
[Date "2016.02.19"]
[Round "2"]
[White "Terzo, Andrea"]
[Black "Coqueraut, Jean Dominique"]
[WhiteElo "1873"]
[BlackElo "1731"]
[Result "1-0"]
[PlyCount "73"]
[EventDate "2016.02.12"]

1. d4 Nf6 2. c4 g6 3. Nc3 Bg7 4. e4 d6 5. Be3 O-O 6. f3 e5 7. Nge2 Nc6 8. d5
Ne7 9. Nc1 Nh5 10. Nd3 f5 11. Be2 f4 12. Bf2 Qe8 13. Nb5 Qd7 14. Qd2 c5 15. b4
a6 16. Nc3 b6 17. bxc5 bxc5 18. Rb1 Qc7 19. Qb2 Rd8 20. Qb6 Qxb6 21. Rxb6 Rd7
22. Bd1 Rd8 23. Ba4 g5 24. O-O g4 25. Bh4 Kf8 26. Nxc5 gxf3 27. Rfb1 fxg2 28.
Nb7 Bxb7 29. Rxb7 Bf6 30. Bxf6 Nxf6 31. Kxg2 Ng4 32. Nd1 Rac8 33. Bd7 Rxd7 34.
Rxd7 Rxc4 35. Rb8+ Kg7 36. Rbb7 Rc2+ 37. Kh3 1-0

[Event "XIX Memorial Nicola Berruto A"]
[Site "Nichelino ITA"]
[Date "2016.02.19"]
[Round "2"]
[White "Vinco, Alberto"]
[Black "Del Duca, Giuseppe"]
[WhiteElo "1624"]
[BlackElo "1492"]
[Result "1-0"]
[PlyCount "83"]
[EventDate "2016.02.12"]

1. e4 e5 2. Nf3 Nc6 3. Bb5 d6 4. h3 Bd7 5. c3 a6 6. Ba4 Nf6 7. d3 Be7 8. O-O
O-O 9. Re1 b5 10. Bc2 Qc8 11. Nh2 Nd8 12. d4 Ne6 13. b4 Nf4 14. Bxf4 exf4 15.
Qf3 g5 16. Qd3 Ne8 17. e5 f5 18. exf6 Bf5 19. Qxf5 Qxf5 20. Bxf5 Bxf6 21. Nd2
Bg7 22. Be4 Rb8 23. Bd5+ Kh8 24. Re7 Nf6 25. Bb3 Rfe8 26. Rxc7 Re2 27. Ndf3 h5
28. Re1 Rbe8 29. Rxe2 Rxe2 30. Kf1 Re8 31. Nxg5 h4 32. Nf7+ Kh7 33. Bc2+ Kg8
34. Nxd6 Rd8 35. Nf5 Ne8 36. Ne7+ Kh8 37. Ng6+ Kg8 38. Ra7 Rd6 39. Ra8 Kf7 40.
Nxh4 Re6 41. Bb3 Ke7 42. Bxe6 1-0

[Event "XIX Memorial Nicola Berruto A"]
[Site "Nichelino ITA"]
[Date "2016.02.22"]
[Round "3"]
[White "Alaimo, Cristian"]
[Black "Martin, Tiziano"]
[WhiteElo "1940"]
[BlackElo "1911"]
[Result "0-1"]
[PlyCount "90"]
[EventDate "2016.02.12"]

1. e4 d5 2. exd5 Qxd5 3. Ne2 Nf6 4. Nbc3 Qd8 5. Ng3 Bg4 6. f3 Bc8 7. Bc4 e6 8.
Qe2 Nc6 9. O-O Nd4 10. Qe3 Bc5 11. Kh1 O-O 12. Nce4 Be7 13. c3 Nc6 14. Qe2 Ne5
15. Bb3 Nd3 16. Bc2 Nf4 17. Nxf6+ Bxf6 18. Qe4 Ng6 19. d4 Qd5 20. Qe2 Bd7 21.
Be4 Bb5 22. Qc2 Qd7 23. Re1 Bc6 24. Be3 Bh4 25. Bf2 Bxe4 26. fxe4 c6 27. e5 Qc7
28. Ne4 Be7 29. Bg3 Rfd8 30. Nd6 f5 31. Rf1 Rf8 32. Qb3 Bxd6 33. exd6 Qd7 34.
Rae1 Rae8 35. Be5 Nh8 36. c4 Nf7 37. c5 Ng5 38. h3 Ne4 39. Re2 g6 40. g4 Rf7
41. Qe3 Ref8 42. b4 fxg4 43. Rxf7 Qxf7 44. Qxe4 Qf1+ 45. Kh2 Qxh3+ 0-1

[Event "XIX Memorial Nicola Berruto A"]
[Site "Nichelino ITA"]
[Date "2016.02.22"]
[Round "3"]
[White "Blundo, Michele"]
[Black "Ferrario, Enrico"]
[WhiteElo "1693"]
[BlackElo "1819"]
[Result "0-1"]
[PlyCount "74"]
[EventDate "2016.02.12"]

1. d4 Nf6 2. c4 Nc6 3. Nf3 d6 4. Nc3 g6 5. e4 Bg7 6. d5 Nb8 7. Be2 O-O 8. h3 c5
9. Be3 Nbd7 10. Qd2 Re8 11. Bh6 Bh8 12. O-O Nf8 13. Ng5 Qb6 14. f4 N6d7 15. Nf3
f5 16. Bd3 fxe4 17. Bxe4 Nf6 18. Bd3 e6 19. Rae1 Bd7 20. Ng5 exd5 21. Kh1 d4
22. Nce4 Nxe4 23. Bxe4 Bc6 24. Bxf8 Rxf8 25. Bxc6 Qxc6 26. Re7 Bf6 27. Qe2 Bxg5
28. fxg5 Rxf1+ 29. Qxf1 Rf8 30. Qe2 Qc8 31. Qe6+ Qxe6 32. Rxe6 Rd8 33. Kg1 d5
34. Kf1 dxc4 35. Ke2 Kf7 36. Rf6+ Ke7 37. Kd2 Rf8 0-1

[Event "XIX Memorial Nicola Berruto A"]
[Site "Nichelino ITA"]
[Date "2016.02.22"]
[Round "3"]
[White "Bruno, Rocco"]
[Black "Petrini, Emanuela"]
[WhiteElo "1475"]
[BlackElo "1552"]
[Result "0-1"]
[PlyCount "86"]
[EventDate "2016.02.12"]

1. e4 d5 2. exd5 Nf6 3. Nc3 c6 4. dxc6 Nxc6 5. Nf3 e5 6. Bb5 Bd6 7. d3 h6 8. h3
Bd7 9. O-O O-O 10. Re1 Re8 11. Ne4 Nxe4 12. dxe4 Nd4 13. Bxd7 Qxd7 14. Nxd4
exd4 15. b3 Rac8 16. Bb2 Bb4 17. Re2 Bc3 18. Bxc3 Rxc3 19. Rc1 d3 20. cxd3 Rxc1
21. Qxc1 Qxd3 22. Qe3 Qxe3 23. Rxe3 f6 24. f4 Kf7 25. Kf2 Rc8 26. a4 Rd8 27.
Rc3 Rd7 28. Kf3 Ke6 29. f5+ Ke5 30. Rc5+ Kd4 31. b4 b6 32. Rc1 Ke5 33. h4 Rd3+
34. Kg4 Re3 35. Rc4 Rxe4+ 36. Rxe4+ Kxe4 37. g3 Ke5 38. a5 bxa5 39. bxa5 a6 40.
Kh5 Kxf5 41. g4+ Kf4 42. Kg6 Kxg4 43. h5 f5 0-1

[Event "XIX Memorial Nicola Berruto A"]
[Site "Nichelino ITA"]
[Date "2016.02.22"]
[Round "3"]
[White "Coxe, Marino"]
[Black "Lieggi, Daniele"]
[WhiteElo "1670"]
[BlackElo "1769"]
[Result "1-0"]
[PlyCount "43"]
[EventDate "2016.02.12"]

1. e4 c5 2. Nf3 Nc6 3. d4 cxd4 4. Nxd4 e6 5. Nc3 Bc5 6. Be3 Qb6 7. Na4 Qa5+ 8.
c3 Bxd4 9. Bxd4 e5 10. Be3 Nge7 11. Nc5 O-O 12. b4 Qc7 13. Be2 d6 14. Nb3 f5
15. exf5 Bxf5 16. O-O Rf6 17. Nd2 d5 18. Nf3 e4 19. Nd4 Raf8 20. Nxf5 Nxf5 21.
Qxd5+ Kh8 22. Qxe4 1-0

[Event "XIX Memorial Nicola Berruto A"]
[Site "Nichelino ITA"]
[Date "2016.02.22"]
[Round "3"]
[White "Di Stefano, Marco T"]
[Black "Petrini, Alberto"]
[WhiteElo "1708"]
[BlackElo "1920"]
[Result "0-1"]
[PlyCount "122"]
[EventDate "2016.02.12"]

1. e4 e5 2. Bc4 Nf6 3. Nc3 Nc6 4. a3 Be7 5. d3 O-O 6. Nge2 d6 7. f4 exf4 8.
Nxf4 Ne5 9. Bb3 Bg4 10. Qd2 Nh5 11. Nxh5 Bxh5 12. Qf4 Bh4+ 13. g3 Nf3+ 14. Kf2
Bg5 15. Qf5 g6 16. Bxg5 Nxg5 17. Qd5 Qf6+ 18. Ke3 c6 19. Qd4 Qf3+ 20. Kd2 Qxh1
21. Rxh1 Nf3+ 22. Ke3 Nxd4 23. Kxd4 Bg4 24. Rf1 Be6 25. Rf6 Kg7 26. Rf1 Bxb3
27. cxb3 f5 28. exf5 Rxf5 29. Re1 d5 30. Re7+ Rf7 31. Re2 Raf8 32. b4 Rf2 33.
Re7+ R8f7 34. Re8 Rxh2 35. b5 Rxb2 36. bxc6 bxc6 37. Na4 Ra2 38. Rc8 Rxa3 39.
Nc5 Rf6 40. Rc7+ Kh6 41. Ke5 Rf5+ 42. Kd4 Kg5 43. Rxh7 Kg4 44. Rc7 Kxg3 45.
Rxc6 g5 46. Rg6 g4 47. Ne6 a5 48. Ng7 Rf4+ 49. Ke5 Kf3 50. Nh5 Rf8 51. Ke6 Rxd3
52. Nf6 g3 53. Ng4 Kg2 54. Ke7 Rf4 55. Ne5 Re3 56. Kd6 d4 57. Nc4 Rc3 58. Nxa5
d3 59. Ke5 Rf1 60. Ke4 d2 61. Kd4 Rcf3 0-1

[Event "XIX Memorial Nicola Berruto A"]
[Site "Nichelino ITA"]
[Date "2016.02.22"]
[Round "3"]
[White "Ferretti, Carlo"]
[Black "Terzo, Andrea"]
[WhiteElo "2032"]
[BlackElo "1873"]
[Result "1-0"]
[PlyCount "97"]
[EventDate "2016.02.12"]

1. d4 d5 2. Nf3 Nf6 3. e3 c5 4. b3 e6 5. Bd3 Nc6 6. Nbd2 Bd6 7. Bb2 O-O 8. Ne5
cxd4 9. exd4 Nb4 10. Be2 Bd7 11. a3 Nc6 12. Bd3 Qc7 13. f4 Be8 14. O-O Qe7 15.
Rf3 h6 16. Rh3 Nd7 17. Qf3 Ndxe5 18. fxe5 Bc7 19. c4 Rd8 20. cxd5 exd5 21. Qf5
g6 22. Qf4 Bd7 23. Rxh6 Kg7 24. Nf3 Rh8 25. Rxh8 Rxh8 26. Rf1 Bb6 27. Kh1 Rh5
28. g4 Rh8 29. Ng5 Be6 30. Qf6+ Qxf6 31. exf6+ Kf8 32. Nxe6+ fxe6 33. Bxg6 Bxd4
34. Bxd4 Nxd4 35. Rc1 Nc6 36. b4 Rh6 37. Bh5 Rxf6 38. b5 Na5 39. Rc8+ Ke7 40.
Ra8 Kd6 41. g5 Rf5 42. g6 Rg5 43. Rh8 Ke7 44. h4 Rg3 45. Kh2 Rxa3 46. g7 Ra2+
47. Kg3 Ra1 48. Kf2 Ra2+ 49. Be2 1-0

[Event "XIX Memorial Nicola Berruto A"]
[Site "Nichelino ITA"]
[Date "2016.02.22"]
[Round "3"]
[White "Gussone, Claudio"]
[Black "D'Ingiullo, Roberto"]
[WhiteElo "1752"]
[BlackElo "2091"]
[Result "0-1"]
[PlyCount "52"]
[EventDate "2016.02.12"]

1. c4 e5 2. Nc3 Nf6 3. g3 d5 4. cxd5 Nxd5 5. Bg2 c6 6. Nf3 Nd7 7. O-O Bd6 8. d3
O-O 9. Ne4 Be7 10. Bd2 h6 11. Rc1 f5 12. Nc3 Bf6 13. a3 Kh7 14. Qc2 N7b6 15. h3
g6 16. Kh2 Be6 17. e3 Qd7 18. h4 Rad8 19. Rcd1 Ne7 20. Bc1 Qe8 21. d4 e4 22.
Nd2 Kg7 23. Ne2 g5 24. hxg5 Qh5+ 25. Bh3 hxg5 26. Kg2 Qxe2 0-1

[Event "XIX Memorial Nicola Berruto A"]
[Site "Nichelino ITA"]
[Date "2016.02.22"]
[Round "3"]
[White "Liviabella, Lucio"]
[Black "Gaudenzi, Mauro"]
[WhiteElo "1581"]
[BlackElo "1281"]
[Result "1-0"]
[PlyCount "119"]
[EventDate "2016.02.12"]

1. e4 b6 2. Bc4 e6 3. Nc3 Bc5 4. d4 Bb4 5. Bd2 c5 6. d5 d6 7. Nf3 f6 8. a3 Bxc3
9. Bxc3 e5 10. Nh4 Ne7 11. Qh5+ Kd7 12. O-O-O Kc7 13. Qe2 g5 14. Nf3 Bg4 15. h3
Bd7 16. a4 a5 17. b3 Bc8 18. Bb5 Ba6 19. Nd2 Qc8 20. f3 Ng6 21. g3 h6 22. Nb1
Rf8 23. Na3 Nd7 24. Bxa6 Rxa6 25. Nb5+ Kb8 26. Nxd6 Qc7 27. Qxa6 Qxd6 28. Bxa5
Qc7 29. Qb5 Qd6 30. Bd2 Kb7 31. a5 Ra8 32. axb6 Ra1+ 33. Kb2 Ra6 34. Ba5 Nb8
35. Ra1 Ne7 36. b4 Nd7 37. c3 Nc8 38. bxc5 Nxc5 39. Kc2 Nd7 40. c4 Nc5 41. Rhb1
Nxb6 42. Qc6+ Qxc6 43. dxc6+ Kxc6 44. Rxb6+ Rxb6 45. Bxb6 Kxb6 46. Ra8 Nd7 47.
Rh8 Kc5 48. Rc8+ Kd4 49. Rd8 Kxc4 50. Rxd7 h5 51. Rd6 g4 52. hxg4 hxg4 53. fxg4
Kc5 54. Rd3 Kc4 55. Rd8 Kc5 56. Kd2 Kc4 57. Ke2 Kc5 58. Ke3 Kc4 59. Rd6 Kc5 60.
Rxf6 1-0

[Event "XIX Memorial Nicola Berruto A"]
[Site "Nichelino ITA"]
[Date "2016.02.22"]
[Round "3"]
[White "Malano, Francesco"]
[Black "Crepaldi, Manuele"]
[WhiteElo "1878"]
[BlackElo "1777"]
[Result "1-0"]
[PlyCount "43"]
[EventDate "2016.02.12"]

1. d4 b6 2. c4 Bb7 3. Nc3 e6 4. e4 Bb4 5. Bd3 f5 6. f3 Nh6 7. Be3 O-O 8. Nge2
fxe4 9. fxe4 Ng4 10. Qd2 Nxe3 11. Qxe3 c5 12. d5 exd5 13. exd5 Bxc3+ 14. Nxc3
Re8 15. Be4 b5 16. cxb5 a6 17. O-O-O d6 18. Qh3 h6 19. Qf5 Nd7 20. Qh7+ Kf8 21.
Rhf1+ Nf6 22. Bg6 1-0

[Event "XIX Memorial Nicola Berruto A"]
[Site "Nichelino ITA"]
[Date "2016.02.22"]
[Round "3"]
[White "Manunta, Andrea"]
[Black "Di Chiara, Mauro"]
[WhiteElo "1837"]
[BlackElo "1950"]
[Result "1/2-1/2"]
[PlyCount "88"]
[EventDate "2016.02.12"]

1. d4 g6 2. c4 Nf6 3. Nc3 Bg7 4. e4 d6 5. h3 O-O 6. Bg5 c5 7. d5 b5 8. cxb5 a6
9. b6 Nbd7 10. Nf3 Qxb6 11. Qd2 Rb8 12. Rb1 Qb4 13. a3 Qa5 14. Bd3 e6 15. Bf4
e5 16. Bg5 Qc7 17. Qe2 Nh5 18. g3 f5 19. Nd2 h6 20. Bh4 Ndf6 21. Bxf6 Nxf6 22.
Bxa6 Bxa6 23. Qxa6 fxe4 24. Ndxe4 Nxe4 25. Nxe4 Rb6 26. Qd3 Rfb8 27. O-O Rxb2
28. Rxb2 Rxb2 29. Nc3 Rb3 30. Qc2 c4 31. a4 Kh7 32. h4 Qf7 33. h5 Qf5 34. hxg6+
Qxg6 35. Qc1 e4 36. Ne2 c3 37. Qe3 Ra3 38. Rc1 Rxa4 39. Nxc3 Bd4 40. Qf4 Rc4
41. Ne2 Rxc1+ 42. Qxc1 Bc5 43. Qf4 Kg7 44. Kg2 Qf6 1/2-1/2

[Event "XIX Memorial Nicola Berruto A"]
[Site "Nichelino ITA"]
[Date "2016.02.22"]
[Round "3"]
[White "Marguati, Massimiano"]
[Black "Petrini, Davide"]
[WhiteElo "1911"]
[BlackElo "1476"]
[Result "1-0"]
[PlyCount "69"]
[EventDate "2016.02.12"]

1. b3 d5 2. Bb2 Nf6 3. e3 Bf5 4. f4 e6 5. Nf3 c5 6. Bb5+ Nc6 7. O-O Be7 8. Ne5
Qb6 9. Nc3 d4 10. exd4 cxd4 11. Bxc6+ bxc6 12. Na4 Qc7 13. Bxd4 O-O 14. c4 Rfd8
15. Be3 Nd7 16. Nf3 Bg4 17. Qe1 Bf6 18. Rd1 e5 19. Qg3 Bh5 20. Nc3 exf4 21.
Bxf4 Qb6+ 22. Be3 Qa5 23. Na4 Ne5 24. Nd4 Bxd1 25. Rxf6 Re8 26. Nf5 Ng6 27. Qd6
Rad8 28. Qxc6 Rc8 29. Qa6 Qxa6 30. Rxa6 Ra8 31. Nc3 Re5 32. Nd4 h6 33. Nxd1 Re7
34. Nc3 Ne5 35. Nd5 1-0

[Event "XIX Memorial Nicola Berruto A"]
[Site "Nichelino ITA"]
[Date "2016.02.22"]
[Round "3"]
[White "Saggiorato, Diego"]
[Black "Salerno, Carmine"]
[WhiteElo "1680"]
[BlackElo "1583"]
[Result "1-0"]
[PlyCount "85"]
[EventDate "2016.02.12"]

1. d4 Nf6 2. c4 e6 3. Nc3 d5 4. e3 Bd6 5. c5 Be7 6. Nf3 Nbd7 7. Bd3 c6 8. O-O
O-O 9. Re1 Qc7 10. e4 dxe4 11. Nxe4 Nxe4 12. Rxe4 Nf6 13. Rh4 h6 14. Bxh6 gxh6
15. Rxh6 Qf4 16. Rh3 Rd8 17. Rh4 Qc7 18. Qd2 Bf8 19. Qg5+ Bg7 20. Rf4 Rd5 21.
Ne5 Qe7 22. Rg4 Qf8 23. Qxf6 Rxd4 24. Qh4 Rxd3 25. Nxd3 e5 26. Rg3 Bf5 27. Nxe5
Qxc5 28. Ng4 Bg6 29. Ne3 Re8 30. Rd1 Qb5 31. b3 Qe2 32. Qc4 Qh5 33. Rf1 Re4 34.
Qc1 Be5 35. Rh3 Rh4 36. Rxh4 Qxh4 37. g3 Qh7 38. Qc4 Qh6 39. Ng4 Qg7 40. Rd1
Bc7 41. Rd7 Bb6 42. Rxb7 Bf5 43. Nh6+ 1-0

[Event "XIX Memorial Nicola Berruto A"]
[Site "Nichelino ITA"]
[Date "2016.02.22"]
[Round "3"]
[White "Tomanin, Roberto"]
[Black "Alemanni, Marco"]
[WhiteElo "1590"]
[BlackElo "1707"]
[Result "0-1"]
[PlyCount "68"]
[EventDate "2016.02.12"]

1. d4 Nf6 2. Bg5 e6 3. e3 Be7 4. Bd3 d5 5. h3 Nbd7 6. Bf4 c5 7. c3 cxd4 8. exd4
Nb6 9. Nd2 Bd7 10. Ngf3 Na4 11. Qc2 Rc8 12. Qb3 Nb6 13. Ne5 O-O 14. Nxd7 Nfxd7
15. Nf3 f6 16. O-O Qe8 17. Rfe1 Qf7 18. Qc2 f5 19. Ne5 Nxe5 20. Bxe5 Nd7 21.
Bf4 a6 22. Re3 Nf6 23. Rae1 Rc6 24. Bxf5 exf5 25. Rxe7 Qh5 26. Rxb7 Ne4 27. Qb3
Rg6 28. Qxd5+ Kh8 29. Rxe4 Qd1+ 30. Kh2 fxe4 31. Qxe4 Qf1 32. Bg3 Qc4 33. Bd6
Rg8 34. a3 Rxd6 0-1

[Event "XIX Memorial Nicola Berruto A"]
[Site "Nichelino ITA"]
[Date "2016.02.22"]
[Round "3"]
[White "Vinco, Alberto"]
[Black "Finamore, Vito"]
[WhiteElo "1624"]
[BlackElo "1735"]
[Result "0-1"]
[PlyCount "112"]
[EventDate "2016.02.12"]

1. e4 e5 2. Nf3 Nc6 3. Bb5 a6 4. Ba4 Nf6 5. d3 b5 6. Bb3 Be7 7. c3 d6 8. h3 Na5
9. Bc2 c5 10. O-O O-O 11. Re1 Nc6 12. Bg5 h6 13. Bxf6 Bxf6 14. Nbd2 Be6 15. Bb3
Bxb3 16. axb3 Re8 17. Nf1 Ne7 18. Ne3 d5 19. Qc2 Qd6 20. Rad1 d4 21. Nf1 Ng6
22. g3 Qe6 23. Kg2 h5 24. N1h2 a5 25. Ra1 Red8 26. c4 bxc4 27. bxc4 Rdb8 28.
Ra3 Rb4 29. Rea1 Bd8 30. Nd2 Qc6 31. Nb3 a4 32. Nd2 Rab8 33. Rb1 f5 34. Nhf3 f4
35. b3 axb3 36. Nxb3 fxg3 37. fxg3 h4 38. Rf1 hxg3 39. Kxg3 Qf6 40. Nh2 Qh4+
41. Kg2 Nf4+ 42. Kh1 Nxh3 43. Qg2 Rxb3 44. Ra7 R3b7 45. Qf3 Nf4 46. Rxb7 Rxb7
47. Qg4 Qxg4 48. Nxg4 Nxd3 49. Ra1 Bf6 50. Ra6 Rb1+ 51. Kh2 Nf4 52. Ra5 Rb2+
53. Kh1 Rg2 54. Nxf6+ gxf6 55. Rxc5 d3 56. Rd5 Nxd5 0-1

[Event "XIX Memorial Nicola Berruto A"]
[Site "Nichelino ITA"]
[Date "2016.02.22"]
[Round "3"]
[White "Zenere, Gabriele"]
[Black "Barcellona, Antonino"]
[WhiteElo "1806"]
[BlackElo "1691"]
[Result "1/2-1/2"]
[PlyCount "93"]
[EventDate "2016.02.12"]

1. d4 d5 2. Nf3 Nf6 3. c4 c6 4. Nc3 g6 5. e3 Bg7 6. Qc2 O-O 7. b3 Nbd7 8. Be2
Re8 9. O-O e5 10. dxe5 Nxe5 11. Nxe5 Rxe5 12. Bb2 Bf5 13. Bd3 Bxd3 14. Qxd3 Rh5
15. Rad1 Qc7 16. f4 Re8 17. cxd5 Nxd5 18. Rfe1 Nxc3 19. Bxc3 Rd5 20. Qc4 Rxd1
21. Rxd1 Qb6 22. Bd2 Rd8 23. Qe2 Qc5 24. Rc1 Qd5 25. Rc2 Qe4 26. Qc4 Qxc4 27.
bxc4 b6 28. Kf2 c5 29. Ke2 f5 30. Bc1 Kf7 31. Rd2 Rxd2+ 32. Kxd2 Ke6 33. Kd3
Ba1 34. a3 a6 35. a4 Kd6 36. g4 Kc6 37. e4 fxe4+ 38. Kxe4 b5 39. axb5+ axb5 40.
cxb5+ Kxb5 41. f5 gxf5+ 42. Kxf5 c4 43. h4 Kb4 44. g5 Kb3 45. h5 Kc2 46. Ba3
Kb3 47. Bc1 1/2-1/2

[Event "XIX Memorial Nicola Berruto A"]
[Site "Nichelino ITA"]
[Date "2016.03.04"]
[Round "4"]
[White "Barcellona, Antonino"]
[Black "Gussone, Claudio"]
[WhiteElo "1691"]
[BlackElo "1752"]
[Result "1/2-1/2"]
[PlyCount "100"]
[EventDate "2016.02.12"]

1. d4 f5 2. Nc3 Nf6 3. Bg5 e6 4. e4 fxe4 5. Nxe4 Be7 6. Bd3 O-O 7. Nf3 b6 8.
Nxf6+ Bxf6 9. Bxf6 Qxf6 10. Qd2 Bb7 11. O-O-O Nc6 12. c3 Rae8 13. Qc2 g6 14. h4
Rf7 15. h5 Ne7 16. Ne5 Qg5+ 17. Kb1 Rf6 18. Rh3 Qxg2 19. Rg3 Qxf2 20. Qxf2 Rxf2
21. hxg6 d6 22. gxh7+ Kh8 23. Ng4 Rf3 24. Rdg1 Ref8 25. Rxf3 Rxf3 26. Kc2 Rf8
27. Rg3 Nf5 28. Rh3 Bg2 29. Rh2 Bf3 30. Nh6 Nxh6 31. Rxh6 Bg4 32. Rh2 Bf5 33.
Kd2 Bxd3 34. Kxd3 Rf7 35. Rh6 Re7 36. b4 a6 37. a4 e5 38. dxe5 Rxe5 39. Rf6 Re7
40. Kd4 Kxh7 41. Kd5 Kg7 42. Re6 Kf7 43. Rxe7+ Kxe7 44. Kc6 Kd8 45. Kb7 a5 46.
bxa5 bxa5 47. Ka6 Kc8 48. Kxa5 Kb7 49. Kb4 Ka6 50. c4 c6 1/2-1/2

[Event "XIX Memorial Nicola Berruto A"]
[Site "Nichelino ITA"]
[Date "2016.03.04"]
[Round "4"]
[White "Cadario, Mario"]
[Black "Bruno, Rocco"]
[WhiteElo "1575"]
[BlackElo "1475"]
[Result "0-1"]
[PlyCount "64"]
[EventDate "2016.02.12"]

1. d4 e6 2. c4 c6 3. Nc3 Nf6 4. Bg5 Be7 5. Nf3 h6 6. Bf4 d5 7. e3 c5 8. Qc2
cxd4 9. Nxd4 Nbd7 10. cxd5 e5 11. Ndb5 a6 12. d6 axb5 13. dxe7 Qxe7 14. Bg3 b4
15. Nb5 O-O 16. Bc4 Nc5 17. O-O Nce4 18. Rfd1 Bf5 19. Qb3 Rad8 20. Be2 Rc8 21.
Bc4 Rfd8 22. Rac1 Bg4 23. f3 Nxg3 24. hxg3 Bd7 25. Nd6 Ba4 26. Qxa4 Rxd6 27.
Bxf7+ Kxf7 28. Rxc8 Ra6 29. Qb3+ Kg6 30. Qc2+ e4 31. fxe4 Nxe4 32. Qxe4+ Qxe4
0-1

[Event "XIX Memorial Nicola Berruto A"]
[Site "Nichelino ITA"]
[Date "2016.03.04"]
[Round "4"]
[White "Coqueraut, Jean Dominique"]
[Black "Tomanin, Roberto"]
[WhiteElo "1731"]
[BlackElo "1590"]
[Result "0-1"]
[PlyCount "84"]
[EventDate "2016.02.12"]

1. d4 d5 2. c4 e6 3. Nc3 h6 4. Nf3 Nf6 5. e3 c6 6. Bd3 Bb4 7. O-O O-O 8. a3
Bxc3 9. bxc3 Ne4 10. Bb2 Nd7 11. Qc2 Ndf6 12. Ne5 Ng5 13. c5 Nd7 14. f4 Nxe5
15. dxe5 Ne4 16. Bxe4 dxe4 17. Qxe4 Qd5 18. Qb4 Qd3 19. Rfe1 Qf5 20. Rad1 Rb8
21. Rd6 f6 22. exf6 Rxf6 23. Qd4 Rg6 24. Qd3 Qg4 25. Qc2 b6 26. Rd8+ Kh7 27.
cxb6 axb6 28. c4 c5 29. Rd2 Bb7 30. Ree2 Rf8 31. Rf2 Rf5 32. Rd7 Bc6 33. Rd6
Bf3 34. Rxb6 Rh5 35. Qd2 Qh3 36. Rxf3 Qxh2+ 37. Kf1 Qh1+ 38. Ke2 Rxg2+ 39. Kd3
Rxd2+ 40. Kxd2 Qxf3 41. Rxe6 Rh2+ 42. Kc3 Qd1 0-1

[Event "XIX Memorial Nicola Berruto A"]
[Site "Nichelino ITA"]
[Date "2016.03.04"]
[Round "4"]
[White "Coqueraut, Lodewyk"]
[Black "Alaimo, Cristian"]
[WhiteElo "1652"]
[BlackElo "1940"]
[Result "1-0"]
[PlyCount "97"]
[EventDate "2016.02.12"]

1. Nf3 Nf6 2. g3 d5 3. Bg2 Bg4 4. O-O e6 5. d3 Bd6 6. Nbd2 O-O 7. c4 c6 8. h3
Bxf3 9. Nxf3 Nbd7 10. cxd5 exd5 11. Bg5 h6 12. Be3 Re8 13. Rc1 Bxg3 14. Bxh6
Be5 15. Nxe5 Rxe5 16. Bf4 Rf5 17. Bh2 Nh5 18. Qd2 Qh4 19. e3 Re8 20. e4 Rf6 21.
exd5 cxd5 22. Rce1 Rxe1 23. Rxe1 Rg6 24. Qe3 Re6 25. Qd2 Rxe1+ 26. Qxe1 Ndf6
27. Qe5 Qa4 28. a3 Qd1+ 29. Bf1 b6 30. Qb8+ Kh7 31. Qxa7 Qb3 32. Be5 d4 33.
Bxd4 Qd5 34. Be3 Nd7 35. Qa4 f5 36. Qh4 g6 37. Qe7+ Kg8 38. Qg5 Ne5 39. Be2 Ng7
40. Qg2 Qf7 41. d4 f4 42. dxe5 fxe3 43. fxe3 Qb3 44. Qe4 Qxb2 45. Kf2 Qxa3 46.
Qxg6 Qe7 47. Bc4+ Kf8 48. Qg3 Nf5 49. Qg8# 1-0